The 'mundic' problem supplement to second edition (Record no. 104356)

MARC details
000 -LEADER
fixed length control field 01478cam a22002415a 4500
001 - CONTROL NUMBER
control field ##L128594
008 - FIXED-LENGTH DATA ELEMENTS--GENERAL INFORMATION
fixed length control field 011127s2005 xxk f 000 0 eng d
020 ## - INTERNATIONAL STANDARD BOOK NUMBER
International Standard Book Number 1842192213
035 ## - SYSTEM CONTROL NUMBER
System control number (Sirsi) u130110
041 0# - LANGUAGE CODE
Language code of text/sound track or separate title eng
050 04 - LIBRARY OF CONGRESS CALL NUMBER
Classification number 693.97 $2 18
110 2# - MAIN ENTRY--CORPORATE NAME
Corporate name or jurisdiction name as entry element Royal Institution of Chartered Surveyors
9 (RLIN) 4900
245 04 - TITLE STATEMENT
Title The 'mundic' problem supplement to second edition
Remainder of title stage three expansion testing: January 2002 revised February 2005
260 ## - PUBLICATION, DISTRIBUTION, ETC.
Place of publication, distribution, etc. London
Name of publisher, distributor, etc. RICS
Date of publication, distribution, etc. 2005
300 ## - PHYSICAL DESCRIPTION
Extent 16p.
Other physical details ill.
Dimensions 30cm.
490 #0 - SERIES STATEMENT
Series statement RICS Guidance Note
520 ## - SUMMARY, ETC.
Summary, etc. Focuses on the stage three concrete screening test procedure. Part one consists of an introduction to the development of the stage three test procedure, pre-requisite and on site requirements for stage three testing and concrete classification after stage three testing. Part two deals in detail with the moisture sensitivitity test methods for classes AB and B concrete (stage three). Bibliography. Annexes cover the interpretation of supporting research results and the research conclusions.
520 ## - SUMMARY, ETC.
Summary, etc. Supplement to "The mundic problem : a guidance note" (ISBN 0854068082). Supersedes 2002 edition (ISBN 1842190822).
690 ## - LOCAL SUBJECT ADDED ENTRY--TOPICAL TERM (OCLC, RLIN)
Topical term or geographic name as entry element BUILT ENVIRONMENT-BUILDING MATERIALS-CEMENTITIOUS, CONCRETE AND MINERAL BOUND MATERIALS-CONCRETE
856 ## - ELECTRONIC LOCATION AND ACCESS
Uniform Resource Identifier <a href="https://www.rics.org/Global/Downloads/mundic_supplement_Feb05_1_.pdf">https://www.rics.org/Global/Downloads/mundic_supplement_Feb05_1_.pdf</a>
Public note View the guidance free of charge at www.rics.org/guidance...
942 ## - ADDED ENTRY ELEMENTS (KOHA)
Suppress in OPAC 0
Holdings
Withdrawn status Lost status Source of classification or shelving scheme Damaged status Not for loan Home library Current library Shelving location Date acquired Total Checkouts Full call number Barcode Date last seen Copy number Price effective from Koha item type Date last checked out
    Dewey Decimal Classification     London London RICS Boxes 16/08/2005   RICS 2005/19 30070067 06/08/2019 1 06/08/2019 Archive  
    Dewey Decimal Classification     London London RICS Boxes 16/08/2005   RICS 2005/19 30070068 06/08/2019 2 06/08/2019 Reference material  
    Dewey Decimal Classification     London London RICS Boxes 16/08/2005 1 RICS 2005/19 30070069 06/08/2019 3 06/08/2019 Book 21/08/2007
    Dewey Decimal Classification     Virtual Virtual Online 04/10/2006   ONLINE PUBLICATION 130110-4001 06/08/2019 1 06/08/2019 Book